Fotogramas / prólogo de juan subirá
Guardado en:
| Autor Principal: | |
|---|---|
| Otros Autores: | |
| Formato: | Libro |
| Publicado: |
Buenos Aires :
Flamingo,
2016
|
| Materias: | |
| Etiquetas: |
Agregar Etiqueta
Sin Etiquetas, Sea el primero en etiquetar este registro!
|
| LEADER | 00662nam a22002055a 4500 | ||
|---|---|---|---|
| 001 | EHU.bham045421 | ||
| 003 | AR-BHAM | ||
| 005 | 20181030112058.0 | ||
| 008 | 130507s2016##################000#0#####d | ||
| 082 | A | 8 | |a 863.5 |
| 100 | 1 | |a Filinich, Alejandro N. | |
| 245 | 1 | 0 | |a Fotogramas / |b prólogo de juan subirá |c Cuentos De Alejandro N. Filinich : |
| 260 | |a Buenos Aires : |b Flamingo, |c 2016 | ||
| 300 | |a 142 p. | ||
| 653 | |a Literatura argentina-2000- | ||
| 653 | |a Cuento argentino-2000- | ||
| 653 | |a Literatura bahiense-2000- | ||
| 653 | |a Cuento bahiense-2000- | ||
| 700 | 1 | |a Subirá, Juan, pról. | |
| 859 | |a AR-BHAM |b BIB. HUMANIDADES - General |h A863.5 |i F476 |k A |p 251.18 |t Ej.1 | ||
